000 00392nam a2200157Ia 4500
999 _c29813
_d29813
003 OSt
005 20250623140131.0
008 250310s9999||||xx |||||||||||||| ||und||
040 _c.
082 _a883.1
_bB9832
100 _96024
_aButcher, S. H.
245 0 _aThe odyssey of homer /
_cButcher, S. H.
260 _aLondon :
_bMacmillan & co ltd,
_c1956.
300 _a429 p.
942 _cBK
_2ddc